Zborník vedeckých statí výsledky riešenia grantovej úlohy VEGA č. 1/0754/11 Nové trendy v medzinárodnom zdanení a ich vplyv na zdanenie podnikateľskej sféry, priebežné výsledky riešenia grantovej úlohy VEGA č. 1/0187/11 Identifikácia a experimentálne skúmanie determinantov finančného rozhodovania o dlhodobých investíciách v podmienkach ekonomických kríz, priebežné výsledky riešenia grantovej úlohy VEGA č. 1/1071/12 Nové trendy v oblasti rozpočtovo-kapitálových a finančných rozhodnutí a ich vplyv na hodnotu podniku

Salvato in:
Dettagli Bibliografici
Ente Autore: Fakulta podnikového manažmentu EU. Katedra podnikových financií
Altri autori: Hyránek, Eduard, 1955-, Nagy, Ladislav, Vlachynský, Karol
Natura: Libro
Lingua:slovacco
Pubblicazione: Bratislava Vydavateľstvo EKONÓM 2012
Soggetti:
Tags: Aggiungi Tag
Nessun Tag, puoi essere il primo ad aggiungerne!!

MARC

LEADER 00000nam a2200000 4500
001 0163321
005 20240502072833.5
020 |a 978-80-225-3540-3 
041 0 |a slo 
044 |a SK 
245 1 0 |a Zborník vedeckých statí  |b výsledky riešenia grantovej úlohy VEGA č. 1/0754/11 Nové trendy v medzinárodnom zdanení a ich vplyv na zdanenie podnikateľskej sféry, priebežné výsledky riešenia grantovej úlohy VEGA č. 1/0187/11 Identifikácia a experimentálne skúmanie determinantov finančného rozhodovania o dlhodobých investíciách v podmienkach ekonomických kríz, priebežné výsledky riešenia grantovej úlohy VEGA č. 1/1071/12 Nové trendy v oblasti rozpočtovo-kapitálových a finančných rozhodnutí a ich vplyv na hodnotu podniku  |c redakčné a zostavovateľské práce Eduard Hyránek, Ladislav Nagy ; recenzent: Karol Vlachynský 
264 1 |a Bratislava  |b Vydavateľstvo EKONÓM  |c 2012 
300 |a 144 s. 
610 2 0 |a zdaňovanie medzinárodné 
610 2 0 |a dane 
610 2 0 |a rozhodovanie finančné 
610 2 0 |a investície 
610 2 0 |a kríza hospodárska 
610 2 0 |a hodnota podniku 
700 1 |a Hyránek, Eduard, 1955- 
700 1 |a Nagy, Ladislav 
700 1 |a Vlachynský, Karol 
710 2 |a Fakulta podnikového manažmentu EU. Katedra podnikových financií